Brass anthology : (Record no. 27501)

000 -LEADER
fixed length control field 01229cam a2200313 a 4500
001 - CONTROL NUMBER
control field 2022747
003 - CONTROL NUMBER IDENTIFIER
control field OSt
005 - DATE AND TIME OF LATEST TRANSACTION
control field 20170208155128.0
008 - FIXED-LENGTH DATA ELEMENTS--GENERAL INFORMATION
fixed length control field 910717r19911946ilua b 001 0 eng
010 ## - LIBRARY OF CONGRESS CONTROL NUMBER
LC control number 91172489
040 ## - CATALOGING SOURCE
Original cataloging agency DLC
Transcribing agency DLC
050 00 - LIBRARY OF CONGRESS CALL NUMBER
Classification number MT418
Item number .B87 1990
082 00 - DEWEY DECIMAL CLASSIFICATION NUMBER
Classification number 788.9
Edition number 20
245 00 - TITLE STATEMENT
Title Brass anthology :
Remainder of title a collection of brass articles published in the Instrumentalist magazine from 1946 to 1990.
250 ## - EDITION STATEMENT
Edition statement 9th ed.
260 ## - PUBLICATION, DISTRIBUTION, ETC. (IMPRINT)
Place of publication, distribution, etc. Northfield, Ill. (200 Northfield Rd., Northfield) :
Name of publisher, distributor, etc. Instrumentalist Pub. Co.,
Date of publication, distribution, etc. 1991.
300 ## - PHYSICAL DESCRIPTION
Extent 924 p. :
Other physical details ill. ;
Dimensions 30 cm.
490 1# - SERIES STATEMENT
Series statement Anthology series ;
Volume/sequential designation v. 3
500 ## - GENERAL NOTE
General note On spine: Trumpet, trombone, euphonium, French horn, tuba.
504 ## - BIBLIOGRAPHY, ETC. NOTE
Bibliography, etc Includes bibliographical references and indexes.
650 #0 - SUBJECT ADDED ENTRY--TOPICAL TERM
Topical term or geographic name as entry element Brass instruments
General subdivision Instruction and study.
710 2# - ADDED ENTRY--CORPORATE NAME
Corporate name or jurisdiction name as entry element Instrumentalist Publishing Company.
730 0# - ADDED ENTRY--UNIFORM TITLE
Uniform title Instrumentalist.
830 #0 - SERIES ADDED ENTRY--UNIFORM TITLE
Uniform title Anthology series (Evanston, Ill.) ;
Volume number/sequential designation v. 3.
906 ## - LOCAL DATA ELEMENT F, LDF (RLIN)
a 7
b cbc
c orignew
d 2
e ncip
f 19
g y-gencatlg
942 ## - ADDED ENTRY ELEMENTS (KOHA)
Source of classification or shelving scheme
Koha item type Hard Covered Materials
Classification part M 418 .I57 1991
Holdings
Withdrawn status Lost status Source of classification or shelving scheme Damaged status Not for loan Home library Current library Shelving location Date acquired Source of acquisition Total Checkouts Full call number Barcode Date last seen Price effective from Koha item type
          MACHAKOS UNIVERSITY LIBRARY MACHAKOS UNIVERSITY LIBRARY Technical section 08/02/2017 Donation (BFA)   M 418 .I57 1991 35010 10/07/2018 08/02/2017 Hard Covered Materials
© Machakos University Library, Along The Highway, Machakos Wote Rd, Machakos, Kenya P.O. Box 136 - 90100 Machakos - Kenya

Tel: ( +254 ) 723 805829 OR Fax : 044-20353 OR Email: library@mksu.ac.ke